00406nam a2200121Ia 4500003000400000005001700004008004100021040001800062041000800080100004700088245011300135260003600248OSt20260128094031.0211028s2017 xx 000 0 und d cAIMIT LIBRARY aeng aD Souza, Roshika; D Souza, Rayan.g1516130 aEtymology of ergonomics: antecedents of cultural quotient- a phenomenological approach at kalp BPO pvt ltd / aMangalorebRayan D Souza.c2017